00485 a2200181 450000100060000002000150000604000240002110000220004524000290006724500240009630000070012036200060012744000110013365000310014494200070017595201040018299900170028644964 a8526006452 cAnchieta - Aquarius aLessa, Orígenes10aO menino e a sombralpor10aO menino e a sombra a240 a0 1aGlobal 4aLiteratura infanto-juvenil cBK 00104070a87.1b87.1d2023-11-21l0o028.5 LES MENp1415/AQUr2023-11-21 15:10:53w2023-11-21yBK c44964d44964